ECONOMICS (Record no. 72996)
[ view plain ]
| 000 -LEADER | |
|---|---|
| fixed length control field | 00221nam a2200097Ia 4500 |
| 050 ## - LIBRARY OF CONGRESS CALL NUMBER | |
| Classification number | HB 171 .M36 2008 |
| 100 ## - MAIN ENTRY--PERSONAL NAME | |
| Personal name | MANKIW, N. GREGORY |
| 245 #0 - TITLE STATEMENT | |
| Title | ECONOMICS |
| 942 ## - ADDED ENTRY ELEMENTS (KOHA) | |
| Koha item type | Long Loan Book |
| Withdrawn status | Lost status | Source of classification or shelving scheme | Damaged status | Not for loan | Collection | Home library | Current library | Shelving location | Date acquired | Inventory number | Total checkouts | Full call number | Barcode | Date last seen | Copy number | Price effective from | Koha item type |
|---|---|---|---|---|---|---|---|---|---|---|---|---|---|---|---|---|---|
| Library of Congress Classification | Business & Economics | Kisii University Library | Kisii University Library | On Display | 05/16/2024 | 92293 | HB 171 .M36 2008 | 039754 | 05/16/2024 | C.2 | 05/16/2024 | Long Loan Book | |||||
| Library of Congress Classification | Business & Economics | Kisii University Library | Kisii University Library | On Display | 05/16/2024 | 92292 | HB 171 .M36 2008 | 039753 | 05/16/2024 | 1 | 05/16/2024 | Long Loan Book |